1955 1071 1628 1177 1658 1047 1441 1599 1979 1259 1125 1719 1585 1151 1592 1947 1809 1999 1470 1741 1534 1556 1417 1646 1040 1759 1262 1459 1362 1592 1373 1499 1557 1618 1674 1155 1147 1183 1866 1961 1736 1071 1196 1845 1142 1512 1977 1697 1508 1560 1673 1390 1426 1385 1403 1197 1063 1136 1801 1819 1418 1458 1341 1928 1468 1031 1202 1962 1995 1921 1691 1536 1388 1014 1653 1131 1164 1465 1744 1356 1880 1353 1810 1712 1660 1201 1751 1105 1409 1328 1954 1132 1048 1625 1990 1003 1368 1952 1671 BCNSPRNW ULIB Ver.6.0+V

เปลี่ยนเป็นภาษาไทย

Change to English
 แสดงรายละเอียดบรรณานุกรม
  กลับหน้าหลัก

Brief Record : Get Marc (ISO 2709) : E-mail record : QR code < ปิดหน้าต่าง
LEADER : 00000nam 2200000uu 4500
001    13399111361
003     ULIB
008    110623s2549||||th 000 0 tha d
020    9746552155
050  4 QD31.2^bม157ป 2549
100 0  มนนภา เทพสุด
245 10 ปฏิบัติการเคมีทั่วไป =^bGeneral chemistry laboratory /^cมนนภา เทพสุด
246 31 General chemistry laboratory
250    พิมพ์ครั้งที่ 3
260    กรุงเทพฯ :^bศูนย์เทคโนโลยีทางการศึกษา มหาวิทยาลัยศรีปทุม,^c2549
300    viii, 325 หน้า :^bภาพประกอบ ;^c26 ซม.
650  7 เคมี
710 2  มหาวิทยาลัยศรีปทุม. ^bศูนย์เทคโนโลยีทางการศึกษา
945    ^p220^l0^i14403
995    กัณชพร
999 ^a ใช้งานได้ทุกระบบ
รายการนี้ยังไม่มีแท็ก
คุณยังไม่ได้ล็อกอิน คุณสามารถมีกิจกรรมร่วมกับเว็บไซต์ได้ แต่ต้องล็อกอินก่อน ::
  ล็อกอิน

รายการสื่อสารสนเทศ

ลำดับที่ ประเภท เลขเรียก/บาร์โค้ด สถานที่ สถานะ
- ไม่พบข้อมูล -

รายการใกล้เคียง
    ผู้แต่ง [มนนภา เทพสุด]

    หัวเรื่อง [เคมี]

BibComment


ยังไม่เคยถูกคอมเมนท์

คอมเมนท์ทรัพยากรรายการนี้
  คอมเมนท์: ปฏิบัติการเคมีทั่..


 Copyright 2026. Bcnsprnw @Library